Alle Länder nach Bevölkerungsdichte (absteigende Reihenfolge) - Statistiken

Allgemein
  • Dieses Quiz wurde 7 mal gespielt
  • Das Durchschnittsergebnis liegt bei 43 aus 194
Antwortstatistiken
Hint Antwort % Korrekt
19.700 EW/km² Monaco
83%
7890 EW/km² Singapur
67%
2,17 EW/km² Mongolei
50%
63 EW/km² Afghanistan
33%
103 EW/km² Ägypten
33%
18,9 EW/km² Algerien
33%
226 EW/km² Antigua und Barbuda
33%
16,6 EW/km² Argentinien
33%
112 EW/km² Äthiopien
33%
3,33 EW/km² Australien
33%
1880 EW/km² Bahrain
33%
1190 EW/km² Bangladesch
33%
44,3 EW/km² Belarus
33%
25,2 EW/km² Brasilien
33%
61,3 EW/km² Bulgarien
33%
150 EW/km² China
33%
232 EW/km² Deutschland
33%
16,6 EW/km² Finnland
33%
119 EW/km² Frankreich
33%
80,3 EW/km² Griechenland
33%
431 EW/km² Indien
33%
145 EW/km² Indonesien
33%
72,6 EW/km² Irland
33%
3,88 EW/km² Island
33%
330 EW/km² Japan
33%
3,89 EW/km² Kanada
33%
7,05 EW/km² Kasachstan
33%
358 EW/km² Komoren
33%
230 EW/km² Kuwait
33%
2010 EW/km² Malediven
33%
4,56 EW/km² Mauretanien
33%
618 EW/km² Mauritius
33%
64,9 EW/km² Mexiko
33%
80,1 EW/km² Myanmar
33%
3,15 EW/km² Namibia
33%
210 EW/km² Nepal
33%
426 EW/km² Niederlande
33%
20,7 EW/km² Niger
33%
237 EW/km² Nigeria
33%
217 EW/km² Nordkorea
33%
16,7 EW/km² Norwegen
33%
296 EW/km² Pakistan
33%
122 EW/km² Polen
33%
79,7 EW/km² Rumänien
33%
8,44 EW/km² Russland
33%
492 EW/km² San Marino
33%
17,1 EW/km² Saudi-Arabien
33%
23,3 EW/km² Schweden
33%
220 EW/km² Seychellen
33%
93,8 EW/km² Spanien
33%
341 EW/km² Sri Lanka
33%
517 EW/km² Südkorea
33%
69,9 EW/km² Tadschikistan
33%
645 EW/km² Taiwan
33%
273 EW/km² Trinidad und Tobago
33%
13,8 EW/km² Tschad
33%
67,9 EW/km² Ukraine
33%
104 EW/km² Ungarn
33%
79,6 EW/km² Usbekistan
33%
112 EW/km² Vereinigte Arabische Emirate
33%
300 EW/km² Vietnam
33%
97,4 EW/km² Albanien
17%
171 EW/km² Andorra
17%
28,6 EW/km² Angola
17%
60,6 EW/km² Äquatorialguinea
17%
101 EW/km² Armenien
17%
118 EW/km² Aserbaidschan
17%
28,8 EW/km² Bahamas
17%
698 EW/km² Barbados
17%
380 EW/km² Belgien
17%
17,4 EW/km² Belize
17%
119 EW/km² Benin
17%
20,8 EW/km² Bhutan
17%
11,1 EW/km² Bolivien
17%
66,4 EW/km² Bosnien und Herzegowina
17%
4,47 EW/km² Botswana
17%
69,4 EW/km² Brunei
17%
82,8 EW/km² Burkina Faso
17%
464 EW/km² Burundi
17%
26,2 EW/km² Chile
17%
102 EW/km² Costa Rica
17%
128 EW/km² Dänemark
17%
42,2 EW/km² Demokratische Republik Kongo
17%
93,2 EW/km² Dominica
17%
230 EW/km² Dominikanische Republik
17%
47,4 EW/km² Dschibuti
17%
63,5 EW/km² Ecuador
17%
87,5 EW/km² Elfenbeinküste
17%
299 EW/km² El Salvador
17%
31,5 EW/km² Eritrea
17%
28,7 EW/km² Estland
17%
69,1 EW/km² Eswatini
17%
49,3 EW/km² Fidschi
17%
8,97 EW/km² Gabun
17%
239 EW/km² Gambia
17%
53,1 EW/km² Georgien
17%
140 EW/km² Ghana
17%
291 EW/km² Grenada
17%
277 EW/km² Grossbritannien
17%
163 EW/km² Guatemala
17%
56,5 EW/km² Guinea
17%
58,1 EW/km² Guinea-Bissau
17%
3,72 EW/km² Guyana
17%
418 EW/km² Haiti
17%
85,6 EW/km² Honduras
17%
102 EW/km² Irak
17%
53,8 EW/km² Iran
17%
424 EW/km² Israel
17%
195 EW/km² Italien
17%
255 EW/km² Jamaika
17%
63,8 EW/km² Jemen
17%
125 EW/km² Jordanien
17%
92,8 EW/km² Kambodscha
17%
58,7 EW/km² Kamerun
17%
149 EW/km² Kap Verde
17%
232 EW/km² Katar
17%
93 EW/km² Kenia
17%
34 EW/km² Kirgistan
17%
123 EW/km² Kiribati
17%
43,1 EW/km² Kolumbien
17%
67,1 EW/km² Kroatien
17%
100 EW/km² Kuba
17%
31,7 EW/km² Laos
17%
75,8 EW/km² Lesotho
17%
29,4 EW/km² Lettland
17%
529 EW/km² Libanon
17%
47,6 EW/km² Liberia
17%
3,86 EW/km² Libyen
17%
250 EW/km² Liechtenstein
17%
42,9 EW/km² Litauen
17%
271 EW/km² Luxemburg
17%
50,4 EW/km² Madagaskar
17%
172 EW/km² Malawi
17%
99,1 EW/km² Malaysia
17%
18,2 EW/km² Mali
17%
1580 EW/km² Malta
17%
82,2 EW/km² Marokko
17%
276 EW/km² Marshallinseln
17%
142 EW/km² Mikronesien
17%
103 EW/km² Moldau
17%
43,4 EW/km² Montenegro
17%
41,3 EW/km² Mosambik
17%
476 EW/km² Nauru
17%
19,1 EW/km² Neuseeland
17%
51,3 EW/km² Nicaragua
17%
70 EW/km² Nordmazedonien
17%
14,9 EW/km² Oman
17%
107 EW/km² Österreich
17%
87,4 EW/km² Osttimor
17%
43,6 EW/km² Palau
17%
58,3 EW/km² Panama
17%
20,1 EW/km² Papua-Neuguinea
17%
16,7 EW/km² Paraguay
17%
26 EW/km² Peru
17%
387 EW/km² Philippinen
17%
112 EW/km² Portugal
17%
17,5 EW/km² Republik Kongo
17%
524 EW/km² Ruanda
17%
24,2 EW/km² Salomonen
17%
26,6 EW/km² Sambia
17%
70,6 EW/km² Samoa
17%
207 EW/km² São Tomé und Príncipe
17%
213 EW/km² Schweiz
17%
91 EW/km² Senegal
17%
87,8 EW/km² Serbien
17%
121 EW/km² Sierra Leone
17%
41,7 EW/km² Simbabwe
17%
110 EW/km² Slowakei
17%
104 EW/km² Slowenien
17%
27,6 EW/km² Somalia
17%
192 EW/km² St. Kitts und Nevis
17%
325 EW/km² St. Lucia
17%
257 EW/km² St. Vincent und die Grenadinen
17%
49,7 EW/km² Südafrika
17%
25,2 EW/km² Sudan
17%
16,9 EW/km² Südsudan
17%
3,66 EW/km² Suriname
17%
119 EW/km² Syrien
17%
69,1 EW/km² Tansania
17%
130 EW/km² Thailand
17%
155 EW/km² Togo
17%
134 EW/km² Tonga
17%
133 EW/km² Tschechien
17%
72,1 EW/km² Tunesien
17%
109 EW/km² Türkei
17%
13,1 EW/km² Turkmenistan
17%
385 EW/km² Tuvalu
17%
196 EW/km² Uganda
17%
20,4 EW/km² Uruguay
17%
33,9 EW/km² USA
17%
24,6 EW/km² Vanuatu
17%
31 EW/km² Venezuela
17%
141 EW/km² Zypern
17%
8,99 EW/km² Zentral­afrikanische Republik
0%
Keine übereinstimmenden Quizze gefunden
Verteilung der Resultate
Anzahl Personen mit jedem Resultat
Perzentil nach korrekt beantworteten Fragen
Ihre Resultats-Entwicklung
Sie haben dieses Quiz noch nicht gespielt